Tehran's shadow army : addressing Iran's proxy network in the Middle East : hearing before the Committee on Foreign Relations, United States Senate, One Hundred Eighteenth Congress, second session, February 28, 2024.

Bibliographic Details
Corporate Author: United States. Congress. Senate. Committee on Foreign Relations (Author)
Format: Government Document eBook
Language:English
Published: Washington : U.S. Government Publishing Office, 2024.
Series:S. hrg. ; 118-380
Subjects:
Online Access:https://purl.fdlp.gov/GPO/gpo232367

MARC

Tag First Indicator Second Indicator Subfields
LEADER 00000cam a2200000 i 4500
001 in00005502849
006 m o d f
007 cr b|||||a||||
008 240829s2024 dcua ob f000 0 eng c
005 20241219163426.8
024 8 |a 56-429  |q (GPO jacket number) 
035 |a (OCoLC)on1453517951 
040 |a GPO  |b eng  |e rda  |e pn  |c GPO  |d OCLCO  |d GPO  |d MvI 
042 |a pcc 
043 |a aw-----  |a n-us---  |a a-ir--- 
049 |a WWW 
074 |a 1039-C (online) 
086 0 |a Y 4.F 76/2:S.HRG.118-380 
110 1 |a United States.  |b Congress.  |b Senate.  |b Committee on Foreign Relations,  |e author. 
245 1 0 |a Tehran's shadow army :  |b addressing Iran's proxy network in the Middle East : hearing before the Committee on Foreign Relations, United States Senate, One Hundred Eighteenth Congress, second session, February 28, 2024. 
246 3 |a Addressing Iran's proxy network in the Middle East 
264 1 |a Washington :  |b U.S. Government Publishing Office,  |c 2024. 
300 |a 1 online resource (iii, 84 pages) :  |b color illustrations 
336 |a text  |b txt  |2 rdacontent 
337 |a computer  |b c  |2 rdamedia 
338 |a online resource  |b cr  |2 rdacarrier 
490 1 |a S. hrg. ;  |v 118-380 
504 |a Includes bibliographical references. 
518 |a Date of hearing: 2024-02-28. 
588 |a Description based on online resource, PDF version; title from title page (GovInfo, viewed Aug. 28, 2024). 
500 |a In scope of the U.S. Government Publishing Office Cataloging and Indexing Program (C&I) and Federal Depository Library Program (FDLP). 
500 |a GPO Cataloging Record Distribution Program (CRDP). 
610 2 0 |a Hizballah (Lebanon) 
610 1 0 |a Iran.  |b Sipāh-i Pāsdārān-i Inqilāb-i Islāmī. 
650 0 |a Proxy war. 
651 0 |a Middle East  |x Armed Forces  |x Political activity. 
650 0 |a Terrorism  |z United States  |x Prevention. 
651 0 |a Iran  |x Relations  |z United States. 
651 0 |a United States  |x Relations  |z Iran. 
650 0 |a Terrorism  |x Prevention  |x International cooperation. 
650 6 |a Guerre par procuration.  |0 (CaQQLa)000299375 
650 6 |a Terrorisme  |0 (CaQQLa)201-0194031  |x Prévention  |0 (CaQQLa)201-0194031  |x Coopération internationale.  |0 (CaQQLa)201-0379626 
650 7 |a International Affairs.  |2 cgpa 
655 7 |a Legislative hearings.  |2 lcgft 
655 7 |a Audiences législatives.  |2 rvmgf  |0 (CaQQLa)RVMGF-000001453 
776 0 8 |i Print version:  |a United States. Congress. Senate. Committee on Foreign Relations.  |t Tehran's shadow army  |w (OCoLC)1453517949 
810 1 |a United States.  |b Congress.  |b Senate.  |t S. hrg. ;  |v 118-380. 
856 4 0 |u https://purl.fdlp.gov/GPO/gpo232367  |t 0 
999 f f |s 8a0f395a-52ce-4523-bdc1-35636e5d17bb  |i d2309c74-0862-4efd-8f7d-ef97e6316ea7  |t 0 
952 f f |a Texas A&M University  |b College Station  |c Electronic Resources  |d Available Online  |t 0  |e Y 4.F 76/2:S.HRG.118-380  |h Superintendent of Documents classification 
998 f f |a Y 4.F 76/2:S.HRG.118-380  |t 0  |l Available Online